|
|
|
|
| LEADER |
00000cam a2200000 7i4500 |
| 001 |
0000054882 |
| 005 |
20151222.0 |
| 008 |
151112 |
| 020 |
|
|
|a 9789673642953
|
| 090 |
0 |
0 |
|a JF NH
|b MAL
|
| 100 |
0 |
|
|a Shamsul Muzaffar
|
| 245 |
0 |
0 |
|a Rakan hutanku,sang kancil!
|c Shamsul Muzaffar
|
| 260 |
|
|
|a Selangor :
|b Edukid distributors Sdn Bhd ,
|c 2015
|
| 490 |
0 |
|
|a Anak-anak Pintar
|
| 500 |
|
|
|a Children ages 7-9 years old (orange)
|
| 650 |
|
0 |
|a Children stories, Malay
|
| 999 |
|
|
|a 0001369812
|b Book
|c Children Collection
|e Cawangan Taman Universiti
|
| 999 |
|
|
|a 0001369813
|b Book
|c Children Collection
|e Cawangan Tmn. Ungku Tun Aminah
|
| 999 |
|
|
|a 0001369814
|b Book
|c Children Collection
|e Cawangan Muar
|
| 999 |
|
|
|a 0001369815
|b Book
|c Children Collection
|e Cawangan Mersing
|
| 999 |
|
|
|a 0001369816
|b Book
|c Children Collection
|e Cawangan Kota Tinggi
|
| 999 |
|
|
|a 0001369817
|b Book
|c Children Collection
|e Cawangan Bukit Gambir
|
| 999 |
|
|
|a 0001369818
|b Book
|c Children Collection
|e Cawangan Segamat
|
| 999 |
|
|
|a 0001369819
|b Book
|c Children Collection
|e Cawangan Sri Merlong
|
| 999 |
|
|
|a 0001369820
|b Book
|c Children Collection
|e Cawangan Taman Sri Lambak
|
| 999 |
|
|
|a 0001369821
|b Book
|c Teenagers
|e Cawangan Bandar Tenggara
|
| 999 |
|
|
|a 0001369822
|b Book
|c Children Collection
|e Cawangan Bandar Penawar
|
| 999 |
|
|
|a 0001369824
|b Book
|c Children Collection
|e Cawangan Tangkak
|
| 999 |
|
|
|a 0001369825
|b Book
|c Children Collection
|e Cawangan Batu Pahat
|
| 999 |
|
|
|a 0001370289
|b Book
|c Children Collection
|e Perbadanan Perpustakaan Awam Johor
|
| 999 |
|
|
|a 0001370291
|b Book
|c Children Collection
|e Cawangan Urban Transformation Centre
|
| 999 |
|
|
|a 0001370292
|b Book
|c Children Collection
|e Cawangan Urban Transformation Centre
|
| 999 |
|
|
|a 0001370293
|b Book
|c Children Collection
|e Perbadanan Perpustakaan Awam Johor
|
| 999 |
|
|
|a 0001370294
|b Book
|c Children Collection
|e Perbadanan Perpustakaan Awam Johor
|